Belgijska imigracja według państw - Statystyki

Ogólne statystyki
  • Ten quiz został rozwiązany 15 razy
  • Średni wynik to 13 z 18
Statystyki odpowiedzi
Liczba osób Kraj pochodzenia % Poprawnych
183 041 Francja
100%
169 842 Holandia
100%
83 659 Hiszpania
92%
41 200 Niemcy
92%
65 995 Polska
92%
57 926 Portugalia
83%
43 046 Turcja
83%
151 419 Włochy
83%
19 857 Grecja
75%
81 236 Maroko
75%
131 147 Rumunia
75%
71 497 Ukraina
75%
49 451 Bułgaria
67%
21 244 Demokratyczna Republika Konga
67%
20 094 Indie
58%
25 310 Afganistan
50%
33 760 Syria
42%
16 493 Kamerun
33%
Nie znaleziono quizów pasujących do podanych kryteriów
Rozkład punktacji
Procent ludzi z każdym wynikiem
Percentyl według liczby udzielonych odpowiedzi
Twoja historia wyników
Nie rozwiązałeś tego quizu